Investment climate, growth, and poverty / (Registro nro. 8332)
[ vista simple ]
| 000 -LEADER | |
|---|---|
| fixed length control field | 02446nam a2200301Ia 4500 |
| 003 - CONTROL NUMBER IDENTIFIER | |
| control field | OSt |
| 005 - DATE AND TIME OF LATEST TRANSACTION | |
| control field | 20210812100823.0 |
| 008 - FIXED-LENGTH DATA ELEMENTS--GENERAL INFORMATION | |
| fixed length control field | 210310t2005 eu ad fr 000 0 eng d |
| 020 ## - INTERNATIONAL STANDARD BOOK NUMBER | |
| International Standard Book Number | 0821359576 |
| 040 ## - CATALOGING SOURCE | |
| Original cataloging agency | CO-JMCR |
| Transcribing agency | CO-JMCR |
| 041 0# - LANGUAGE CODE | |
| Language code of text/sound track or separate title | eng |
| 082 04 - DEWEY DECIMAL CLASSIFICATION NUMBER | |
| Classification number | 332.606 / |
| Item number | K766i |
| Edition number | 23 |
| 100 1# - MAIN ENTRY--PERSONAL NAME | |
| Personal name | Kochendörfer-Lucius, Gudrun, |
| 9 (RLIN) | 16960 |
| Relator term | editor |
| 245 10 - TITLE STATEMENT | |
| Title | Investment climate, growth, and poverty / |
| Statement of responsibility, etc. | Gudrun Kochendörfer-Lucius, Boris Pleskovic |
| 260 ## - PUBLICATION, DISTRIBUTION, ETC. | |
| Place of publication, distribution, etc. | Washington, D.C. : |
| Name of publisher, distributor, etc. | World Bank : Internationale Weiterbildung und Entwicklung gGmbh, |
| Date of publication, distribution, etc. | ©2005 |
| 300 ## - PHYSICAL DESCRIPTION | |
| Extent | VII, 128 páginas : |
| Other physical details | ilustraciones y gráficas a blanco y negro ; |
| Dimensions | 26 cm. |
| 490 0# - SERIES STATEMENT | |
| Series statement | Berlin Workshop series 2005 |
| 500 ## - GENERAL NOTE | |
| General note | Incluye notas a pie de página. |
| 504 ## - BIBLIOGRAPHY, ETC. NOTE | |
| Bibliography, etc. note | Bibliografía al final de cada capítulo |
| 505 0# - FORMATTED CONTENTS NOTE | |
| Formatted contents note | Investment, Productivity, and Development: What Have We Learned? -- Investor Perspectives on the Investment Climate -- Securing Property and Contractual Rights -- Financial Markets -- Regulations, Governance, and Corruption -- What Role for More Selective Interventions? -- Reforming the Investment Climate<br/><br/> |
| 520 3# - SUMMARY, ETC. | |
| Summary, etc. | The Berlin Workshop Series 2005 presents selected papers from meetings held September 3-5, 2003, at the sixth annual forum co-hosted by InWEnt and the World Bank in preparation for the Bank's annual World Development Report Ther 2003 workshop looked at what role the investment climate plays in influencing growth and poverty and examined approaches to development based on improving the investment climate Drawn from academia and governments, nongovernmental and development institutions private companies, and think tanks around the world, participants in the workshop explored how the institutional environment and social structure shape investment opportunities in developing countries-themes later explored in World Development Report 2005 A Better Investment Climate for Everyone<br/><br/>This volume present papers from Berlin Workshop sessions on investment perspectives, secur ing property and contractual nights, the role of financial markets in spurring investment regula tion, governance, and corruption, selective interventions, and reforming the investment climate<br/> |
| 650 14 - SUBJECT ADDED ENTRY--TOPICAL TERM | |
| Topical term or geographic name entry element | Pobreza |
| 9 (RLIN) | 16962 |
| 650 24 - SUBJECT ADDED ENTRY--TOPICAL TERM | |
| Topical term or geographic name entry element | Países en desarrollo |
| 9 (RLIN) | 2059 |
| 650 24 - SUBJECT ADDED ENTRY--TOPICAL TERM | |
| Topical term or geographic name entry element | Política económica |
| 9 (RLIN) | 39314 |
| 650 24 - SUBJECT ADDED ENTRY--TOPICAL TERM | |
| Topical term or geographic name entry element | Inversiones extranjeras |
| 9 (RLIN) | 5941 |
| 700 1# - ADDED ENTRY--PERSONAL NAME | |
| Personal name | Pleskovic, Boris, |
| Relator term | editor |
| 9 (RLIN) | 16960 |
| 942 ## - ADDED ENTRY ELEMENTS (KOHA) | |
| Source of classification or shelving scheme | Dewey Decimal Classification |
| Koha item type | Books |
| Withdrawn status | Lost status | Source of classification or shelving scheme | Damaged status | Not for loan | Collection code | Home library | Current library | Date acquired | Source of acquisition | Full call number | Barcode | Date last seen | Copy number | Koha item type |
|---|---|---|---|---|---|---|---|---|---|---|---|---|---|---|
| Dewey Decimal Classification | Non-fiction | Biblioteca Pública José María del Castillo y Rada | Biblioteca Pública José María del Castillo y Rada | 04/15/2018 | Donación | 332.606 / K766i | 430002855 | 05/16/2024 | Ej.1 | Books |